[Event "XI Festival A"]
[Site "Verona ITA"]
[Date "2005.01.05"]
[Round "5"]
[White "Astengo, Corrado"]
[Black "Bertani, Gianfranco"]
[Result "1/2-1/2"]
[WhiteElo "2139"]
[BlackElo "2123"]
[PlyCount "165"]
[EventDate "2005.01.02"]

1. e4 c5 2. Nf3 Nc6 3. d4 cxd4 4. Nxd4 Nf6 5. Nc3 d6 6. Bc4 e6 7. O-O Be7 8.
Be3 O-O 9. Bb3 Na5 10. f4 Nxb3 11. axb3 e5 12. fxe5 dxe5 13. Nf5 Bxf5 14. Rxf5
Qxd1+ 15. Rxd1 Ng4 16. Nd5 Nxe3 17. Nxe3 Bc5 18. Kf2 f6 19. Ke2 Bxe3 20. Kxe3
Rfd8 21. Rff1 Kf7 22. c4 Ke6 23. Rd5 Rd6 24. b4 b6 25. Ra1 a6 26. Rad1 Rxd5 27.
exd5+ Kd6 28. Ke4 f5+ 29. Ke3 a5 30. Ra1 a4 31. Ra3 b5 32. cxb5 Kxd5 33. b3 f4+
34. Ke2 e4 35. bxa4 Kc4 36. b6 Kxb4 37. Ra1 Ka5 38. Rb1 Rb8 39. Rb5+ Kxa4 40.
Rf5 Rxb6 41. Rxf4 Rb2+ 42. Ke1 Rxg2 43. Rxe4+ Kb3 44. Re7 Kc4 45. Kf1 Rg6 46.
Kf2 Kd5 47. Kf3 Kd6 48. Ra7 Ke6 49. Ra5 Kf6 50. Rb5 Rg5 51. Rb6+ Kf5 52. Rb5+
Kg6 53. Rb4 Kh5 54. Ra4 Rb5 55. Kg3 Rb3+ 56. Kg2 g5 57. h3 Re3 58. Rb4 Kg6 59.
Ra4 Kf5 60. Ra7 h5 61. Rh7 h4 62. Rf7+ Ke4 63. Re7+ Kd3 64. Rg7 Rg3+ 65. Kh2
Ke2 66. Re7+ Kf2 67. Rf7+ Rf3 68. Ra7 Rf5 69. Ra2+ Ke3 70. Ra3+ Kd2 71. Ra2+
Kc3 72. Re2 Rd5 73. Re8 Kd4 74. Kg2 Ra5 75. Rd8+ Ke4 76. Re8+ Kf5 77. Rf8+ Kg6
78. Rg8+ Kf5 79. Rb8 Ra2+ 80. Kg1 Re2 81. Rb6 Re3 82. Kg2 Rg3+ 83. Kh2 1/2-1/2

[Event "XI Festival A"]
[Site "Verona ITA"]
[Date "2005.01.05"]
[Round "5"]
[White "Bruno, Fabio"]
[Black "Pechy, Alaster"]
[Result "1-0"]
[WhiteElo "2379"]
[BlackElo "2176"]
[PlyCount "113"]
[EventDate "2005.01.02"]

1. d4 Nf6 2. Nf3 g6 3. Bf4 Bg7 4. e3 c5 5. Nbd2 cxd4 6. exd4 d5 7. c3 O-O 8.
Bd3 Nc6 9. h3 Nd7 10. O-O e5 11. dxe5 Ndxe5 12. Nxe5 Nxe5 13. Bxe5 Bxe5 14. Nf3
Bg7 15. Bc2 Qb6 16. Bb3 a5 17. Bxd5 Qxb2 18. Ng5 Bf5 19. g4 Bc2 20. Qf3 Qxc3
21. Qxc3 Bxc3 22. Rac1 Bd2 23. Bxf7+ Rxf7 24. Nxf7 Bxc1 25. Rxc1 Kxf7 26. Rxc2
b5 27. Rc7+ Kg8 28. Kg2 b4 29. Rb7 Rd8 30. Rb5 Ra8 31. f4 Kf7 32. Kf3 Ke6 33.
Ke4 Kd6 34. Kd4 Kc6 35. Kc4 Re8 36. Re5 Rf8 37. f5 gxf5 38. Rxf5 Re8 39. Rxa5
Re4+ 40. Kd3 Rf4 41. Rh5 Rf2 42. Kc4 Rxa2 43. Rxh7 Kd6 44. Kxb4 Ke6 45. g5 Kf5
46. h4 Ra6 47. Kb5 Re6 48. Rh8 Re5+ 49. Kc6 Re6+ 50. Kd7 Ra6 51. Ke7 Ra7+ 52.
Kf8 Rb7 53. Kg8 Rb6 54. Kh7 Kg4 55. g6 Kxh4 56. g7 Kh5 57. g8=Q 1-0

[Event "XI Festival A"]
[Site "Verona ITA"]
[Date "2005.01.05"]
[Round "5"]
[White "Cocchi, Andrea"]
[Black "Esposito, Luca"]
[Result "1-0"]
[WhiteElo "2290"]
[BlackElo "2212"]
[PlyCount "110"]
[EventDate "2005.01.02"]

1. g3 Nf6 2. Bg2 e6 3. d3 d5 4. Nf3 Be7 5. Nbd2 c5 6. O-O Nc6 7. e4 O-O 8. e5
Nd7 9. Re1 Qc7 10. Qe2 b5 11. Nf1 a5 12. h4 Ba6 13. Bf4 Rfc8 14. Ne3 Qd8 15.
Ng5 Nf8 16. Qh5 Qe8 17. Bxd5 exd5 18. Nxd5 f6 19. Qxe8 Rxe8 20. exf6 Bxf6 21.
Ne4 Bxb2 22. Rab1 Be5 23. Nxc5 Bxf4 24. Rxe8 Rxe8 25. Nxf4 Bc8 26. Rxb5 Nd4 27.
Rb2 Re1+ 28. Kh2 Bg4 29. Nh3 Nf3+ 30. Kg2 Rc1 31. Nb3 Ne1+ 32. Kh2 Rxc2 33.
Rxc2 Nxc2 34. Nxa5 Nb4 35. Ng1 Nxd3 36. Kg2 Be6 37. a3 Bd5+ 38. Kf1 Nd7 39. Ke2
N7c5 40. Ke3 Kf7 41. Ne2 Ke6 42. Nc3 Nc1 43. Nb5 Bg2 44. Nc4 Bf1 45. Nd4+ Kd5
46. Nd2 Bh3 47. Nb5 Na2 48. Nc7+ Kc6 49. Kd4 Nd7 50. Ne8 g6 51. Ne4 Nc1 52. Ng5
Bg2 53. Nxh7 Nb3+ 54. Ke3 Na5 55. Kf4 Nf8 1-0

[Event "XI Festival A"]
[Site "Verona ITA"]
[Date "2005.01.05"]
[Round "5"]
[White "D'Innocente, Stefano"]
[Black "Miatello, Alberto"]
[Result "1-0"]
[WhiteElo "2280"]
[BlackElo "2080"]
[PlyCount "55"]
[EventDate "2005.01.02"]

1. e4 c5 2. Nf3 e6 3. d4 cxd4 4. Nxd4 Nc6 5. Nb5 a6 6. Nd6+ Bxd6 7. Qxd6 Qe7 8.
Qd1 Nf6 9. Nc3 d5 10. exd5 exd5+ 11. Be2 Be6 12. O-O d4 13. Nb1 O-O-O 14. Bg5
h6 15. Bxf6 Qxf6 16. Nd2 h5 17. Bd3 Ne5 18. Ne4 Qe7 19. Qd2 h4 20. f3 Rh5 21.
b4 Nc4 22. Bxc4 Bxc4 23. Rfe1 f5 24. Ng3 Qf7 25. Nxh5 Qxh5 26. Qf4 Rd7 27. Re5
Rf7 28. Rc5+ 1-0

[Event "XI Festival A"]
[Site "Verona ITA"]
[Date "2005.01.05"]
[Round "5"]
[White "Danieli, Enrico"]
[Black "Popa, Florin"]
[Result "0-1"]
[WhiteElo "2150"]
[BlackElo "2216"]
[PlyCount "136"]
[EventDate "2005.01.02"]

1. Nf3 d5 2. d4 Nf6 3. e3 Bf5 4. Bd3 Bxd3 5. Qxd3 c6 6. Nbd2 Nbd7 7. O-O e6 8.
e4 dxe4 9. Nxe4 Qc7 10. Re1 h6 11. Nxf6+ gxf6 12. d5 cxd5 13. Qxd5 O-O-O 14.
Qh5 Nc5 15. Be3 Rd5 16. Qh3 f5 17. Rad1 Qd8 18. Rd4 Rxd4 19. Bxd4 Rg8 20. Bxc5
Bxc5 21. Ne5 Qd2 22. Rf1 Bxf2+ 23. Rxf2 Qe1+ 24. Rf1 Qxe5 25. Qxh6 Qe2 26. g3
Rd8 27. Rf2 Rd1+ 28. Kg2 Qe4+ 29. Kh3 Qg4+ 30. Kg2 Qe4+ 31. Kh3 Rd8 32. Qg7 b5
33. Qc3+ Kb7 34. Rf4 Qe2 35. Qf3+ Qxf3 36. Rxf3 Rd2 37. Rc3 a6 38. Kh4 Rxh2+
39. Kg5 Rd2 40. Kf6 Rd7 41. Rc5 Rc7 42. Re5 Rxc2 43. Kxf7 Rxb2 44. a4 bxa4 45.
Ra5 Rb5 46. Rxa4 e5 47. g4 fxg4 48. Rxg4 a5 49. Ke6 Kc6 50. Ra4 Kb6 51. Re4 Rb4
52. Rxe5 Rd4 53. Re1 a4 54. Ke5 Rd2 55. Rb1+ Kc5 56. Ke4 Kc4 57. Ke3 Kc3 58.
Ra1 Rd3+ 59. Ke2 Rd2+ 60. Ke3 Rd3+ 61. Ke2 Rd4 62. Ke3 Rc4 63. Rc1+ Kb3 64. Kd2
Rd4+ 65. Ke3 Rd5 66. Rb1+ Kc3 67. Ra1 Re5+ 68. Kf4 Ra5 0-1

[Event "XI Festival A"]
[Site "Verona ITA"]
[Date "2005.01.05"]
[Round "5"]
[White "Guglielmi, Dante"]
[Black "Petraki, Maria"]
[Result "1/2-1/2"]
[WhiteElo "2113"]
[BlackElo "2128"]
[PlyCount "120"]
[EventDate "2005.01.02"]

1. c4 g6 2. Nc3 c5 3. g3 Nc6 4. Bg2 Bg7 5. e3 d6 6. Nge2 e5 7. O-O Nge7 8. a3
Be6 9. Nd5 Rb8 10. Nec3 O-O 11. Rb1 Qd7 12. Re1 f5 13. d3 g5 14. f4 gxf4 15.
exf4 Nd4 16. Nxe7+ Qxe7 17. Be3 Qd7 18. Nd5 b5 19. Bxd4 cxd4 20. b3 Kh8 21. Nb4
bxc4 22. bxc4 e4 23. dxe4 Bxc4 24. exf5 Qxf5 25. Be4 Qc5 26. Bd3 a5 27. Rc1
axb4 28. Rxc4 Qd5 29. Rxb4 Rbc8 30. Be4 Qg8 31. Rb5 Rc5 32. Qd3 Rc3 33. Qd1 Rc5
34. a4 Rfc8 35. Qb3 Rc3 36. Qxg8+ Kxg8 37. Rd5 Re3 38. Kf2 Rxe1 39. Kxe1 Re8
40. a5 Rxe4+ 41. Kd2 Re3 42. Rxd6 Ra3 43. a6 Kf7 44. Rd7+ Kg6 45. a7 Bf8 46.
Rxd4 Rxa7 47. Ke2 Ra2+ 48. Rd2 Ra3 49. Rd3 Ra1 50. Rd1 Ra4 51. Kf3 Ra3+ 52. Ke4
Ra4+ 53. Rd4 Rxd4+ 54. Kxd4 Kf5 55. h3 Bb4 56. Ke3 h5 57. Kf3 Bd2 58. g4+ hxg4+
59. hxg4+ Kg6 60. Ke4 Bc1 1/2-1/2

[Event "XI Festival A"]
[Site "Verona ITA"]
[Date "2005.01.05"]
[Round "5"]
[White "Guido, Flavio"]
[Black "Caruso, Augusto"]
[Result "1/2-1/2"]
[WhiteElo "2342"]
[BlackElo "2214"]
[PlyCount "76"]
[EventDate "2005.01.02"]

1. e4 e5 2. Nf3 Nc6 3. Bc4 Nf6 4. d3 Bc5 5. c3 d6 6. Bb3 Qe7 7. O-O Bg4 8. Nbd2
h6 9. Nc4 g5 10. Ne3 Bd7 11. d4 Bb6 12. Nd5 Nxd5 13. exd5 Na5 14. dxe5 O-O-O
15. Re1 Bg4 16. Qd3 Bxf3 17. Qxf3 dxe5 18. Qf5+ Kb8 19. Rxe5 Qxe5 20. Qxe5 Rhe8
21. Qxe8 Rxe8 22. Kf1 Re5 23. c4 Re4 24. Bd2 Nxc4 25. Bc3 Nd6 26. Re1 Kc8 27.
f3 Rh4 28. h3 Nf5 29. Re8+ Kd7 30. Rf8 Ke7 31. Rb8 Ne3+ 32. Kf2 Nxd5+ 33. Kg3
Ne3 34. Kh2 Nf1+ 35. Kh1 Ng3+ 36. Kh2 Nf1+ 37. Kh1 Ng3+ 38. Kh2 Nf1+ 1/2-1/2

[Event "XI Festival A"]
[Site "Verona ITA"]
[Date "2005.01.05"]
[Round "5"]
[White "Lettieri, Giuseppe"]
[Black "Horvath, Jozsef"]
[Result "0-1"]
[WhiteElo "2202"]
[BlackElo "2514"]
[PlyCount "90"]
[EventDate "2005.01.02"]

1. e4 c5 2. c3 g6 3. d4 cxd4 4. cxd4 d5 5. exd5 Nf6 6. Nc3 Nxd5 7. Bc4 Nb6 8.
Bb3 Bg7 9. Nf3 O-O 10. h3 Nc6 11. Be3 Na5 12. O-O Nxb3 13. Qxb3 Be6 14. Qc2 Rc8
15. Rfe1 Nd5 16. Qd2 Nxc3 17. bxc3 Qa5 18. Bh6 Qxc3 19. Qf4 Rfd8 20. Qh4 Bf6
21. Bg5 Bd5 22. Bxf6 exf6 23. Qxf6 Bxf3 24. Rac1 Qxc1 25. Rxc1 Rxc1+ 26. Kh2
Rd7 27. Qxf3 Rc4 28. d5 Rd4 29. Qc3 R7xd5 30. g4 b5 31. Kg2 a5 32. a3 b4 33.
axb4 axb4 34. Qc8+ Kg7 35. Qc6 h6 36. Qc2 g5 37. Qc7 Rf4 38. Qc2 Rd6 39. Qb2+
Kg8 40. Qe5 Rd2 41. Qb8+ Kh7 42. Qb5 Rdxf2+ 43. Kg1 R2f3 44. Kg2 b3 45. Kh2 b2
0-1

[Event "XI Festival A"]
[Site "Verona ITA"]
[Date "2005.01.05"]
[Round "5"]
[White "Luther, Thomas"]
[Black "Facchetti, Gianni"]
[Result "1-0"]
[WhiteElo "2543"]
[BlackElo "2162"]
[PlyCount "79"]
[EventDate "2005.01.02"]

1. e4 e5 2. Nf3 Nc6 3. Bb5 Bc5 4. c3 Nf6 5. O-O O-O 6. d4 Bb6 7. Bg5 h6 8. Bh4
d6 9. Qd3 Qe7 10. Nbd2 Nb8 11. Ba4 c6 12. Nc4 Bc7 13. Bc2 Re8 14. Rfe1 Nbd7 15.
Ne3 Nf8 16. dxe5 dxe5 17. Nf5 Bxf5 18. exf5 Qd6 19. Qf1 e4 20. Rad1 Qf4 21. Bg3
Qg4 22. Bxc7 exf3 23. g3 Rxe1 24. Rxe1 Nd5 25. Be5 f6 26. h3 Qg5 27. Bd4 b5 28.
Be4 a5 29. Qd3 Qh5 30. Qxf3 Qf7 31. b3 Qd7 32. c4 bxc4 33. bxc4 Nb4 34. Bc5 Rc8
35. a3 Na6 36. Bb6 Qd6 37. Rd1 Qe5 38. Bxc6 Kh8 39. Bb7 Rb8 40. Ba7 1-0

[Event "XI Festival A"]
[Site "Verona ITA"]
[Date "2005.01.05"]
[Round "5"]
[White "Mrdja, Milan"]
[Black "Brunello, Sabino"]
[Result "1/2-1/2"]
[WhiteElo "2395"]
[BlackElo "2268"]
[PlyCount "211"]
[EventDate "2005.01.02"]

1. e4 e5 2. Nf3 Nc6 3. Bc4 Bc5 4. d3 Nf6 5. O-O d6 6. c3 O-O 7. Re1 a6 8. a4
Ba7 9. Nbd2 Ng4 10. Re2 Kh8 11. h3 Nh6 12. Nf1 f5 13. Bxh6 gxh6 14. exf5 Bxf5
15. Bd5 Ne7 16. Be4 Bxe4 17. Rxe4 Ng6 18. Ne3 d5 19. Rg4 c6 20. c4 h5 21. Rg3
Bb8 22. cxd5 cxd5 23. Ng5 Nf4 24. h4 h6 25. Nh3 Qxh4 26. Nxf4 exf4 27. Rh3 Qg5
28. Qf3 Ba7 29. Nxd5 Rad8 30. Nc3 Qg4 31. Re1 Rd7 32. Kf1 Qg6 33. Re4 Rfd8 34.
Qxh5 Qxh5 35. Rxh5 f3 36. Rxh6+ Kg7 37. Rh3 fxg2+ 38. Kxg2 Kg8 39. Rg3+ Kf8 40.
Rh4 Rf7 41. Ne4 Ke7 42. Rhg4 Rd4 43. Re3 Kd8 44. Rg8+ Kd7 45. Rg4 Kd8 46. Rg8+
Kd7 47. Rg6 Rxa4 48. Re2 Rd4 49. Rg3 Rd5 50. Rc2 Bd4 51. Rf3 Rg7+ 52. Rg3 Rf7
53. Ng5 Rg7 54. Nf3 Bf6 55. Rxg7+ Bxg7 56. Rd2 Kd6 57. d4 Rb5 58. Kg3 Rb3 59.
Kg4 Kd5 60. Nh4 Rb4 61. Nf5 Bf6 62. Kf4 a5 63. Ne3+ Ke6 64. Ke4 Bg7 65. f4 a4
66. Nd5 Rb3 67. f5+ Kf7 68. Rc2 a3 69. bxa3 Rxa3 70. Rc7+ Kg8 71. f6 Bf8 72.
Rxb7 Ra1 73. Rd7 Re1+ 74. Kf5 Rf1+ 75. Nf4 Bh6 76. f7+ Kg7 77. Ke6 Rxf4 78. Kd5
Rf1 79. Ke6 Re1+ 80. Kd5 Bg5 81. Kc5 Be7+ 82. Kd5 Kxf7 83. Ra7 Kf6 84. Ra6+ Kf5
85. Ra2 Bf6 86. Rf2+ Kg6 87. Rg2+ Kf7 88. Rf2 Rd1 89. Rf4 Ke7 90. Re4+ Kd7 91.
Rf4 Be7 92. Rf7 Ke8 93. Rf4 Ra1 94. Rf5 Kd7 95. Ke4 Ra4 96. Rd5+ Ke6 97. Re5+
Kf7 98. Kd3 Bf6 99. Re4 Kg6 100. d5 Ra1 101. Kc4 Kf5 102. Re2 Rc1+ 103. Kb5 Be5
104. Kb6 Bd4+ 105. Kb7 Be5 106. Kb6 1/2-1/2

[Event "XI Festival A"]
[Site "Verona ITA"]
[Date "2005.01.05"]
[Round "5"]
[White "Opacic, Alexandar"]
[Black "Capitelli, Paolo"]
[Result "0-1"]
[WhiteElo "2140"]
[BlackElo "2161"]
[PlyCount "59"]
[EventDate "2005.01.02"]

1. e4 c5 2. Nf3 e6 3. d4 cxd4 4. Nxd4 Nf6 5. Nc3 Nc6 6. Ndb5 Bb4 7. Nd6+ Ke7 8.
Nxc8+ Rxc8 9. Bd3 d6 10. Bd2 Re8 11. O-O Ne5 12. Qe2 Kf8 13. g4 Nxd3 14. cxd3
Kg8 15. Kh1 d5 16. e5 Nd7 17. Nb5 Rc2 18. Rfd1 a6 19. Nd4 Rxb2 20. Rab1 Rxb1
21. Rxb1 Bxd2 22. Qxd2 Qc7 23. Re1 Qb8 24. Qb4 Rc8 25. Rc1 Qc7 26. h3 b5 27.
Qe7 Nb6 28. Qh4 Qc3 29. g5 Qxd3 30. Re1 {...} 0-1

[Event "XI Festival A"]
[Site "Verona ITA"]
[Date "2005.01.05"]
[Round "5"]
[White "Ortega, Lexy"]
[Black "Shytaj, Luca"]
[Result "1/2-1/2"]
[WhiteElo "2445"]
[BlackElo "2341"]
[PlyCount "49"]
[EventDate "2005.01.02"]

1. e4 c5 2. Nf3 d6 3. d4 cxd4 4. Nxd4 Nf6 5. Nc3 a6 6. Be2 e5 7. Nb3 Be7 8. O-O
O-O 9. Kh1 Be6 10. f4 exf4 11. Bxf4 Nc6 12. Qd2 Ne5 13. Nd4 Rc8 14. Qe3 Re8 15.
Nxe6 fxe6 16. Qh3 Bf8 17. Rad1 Qb6 18. Bc1 Kh8 19. Bd3 Nfg4 20. Qg3 Be7 21. Be2
Nf6 22. Qh3 Bf8 23. Bd3 Nfg4 24. Qg3 Be7 25. Be2 1/2-1/2

[Event "XI Festival A"]
[Site "Verona ITA"]
[Date "2005.01.05"]
[Round "5"]
[White "Padovani, Alessio"]
[Black "De Santis, Alessio"]
[Result "0-1"]
[WhiteElo "2091"]
[BlackElo "2293"]
[PlyCount "96"]
[EventDate "2005.01.02"]

1. f4 d5 2. Nf3 g6 3. e3 Bg7 4. Be2 Nh6 5. O-O O-O 6. c3 c6 7. b3 Nd7 8. Bb2 f6
9. c4 e5 10. fxe5 fxe5 11. cxd5 cxd5 12. Nc3 Nb6 13. Na4 Nxa4 14. bxa4 Nf7 15.
Ba3 Re8 16. Rc1 Bd7 17. Bb5 a6 18. Bxd7 Qxd7 19. Qb3 e4 20. Nd4 Ne5 21. Rc5
Rad8 22. Qc2 Nc4 23. Bb2 Rf8 24. Rxf8+ Rxf8 25. Rxc4 dxc4 26. Qxc4+ Qf7 27.
Qxf7+ Rxf7 28. Bc3 Bxd4 29. Bxd4 Rf5 30. Bc3 Kf7 31. g3 Ke6 32. Kg2 Kd5 33. g4
Rf3 34. a5 Kc4 35. a3 Kd3 36. Bb4 g5 37. Kg1 Ke2 38. Kg2 Rf2+ 39. Kg3 Kf1 40.
h4 Rf3+ 41. Kh2 gxh4 42. Be7 Rg3 43. Bxh4 Rxg4 44. Be7 Rg2+ 45. Kh3 Rxd2 46.
Kg4 Rf2 47. Bd6 Ke2 48. Bf4 Rf3 0-1

[Event "XI Festival A"]
[Site "Verona ITA"]
[Date "2005.01.05"]
[Round "5"]
[White "Perryman, Marcus"]
[Black "Schiraldi, Mauro"]
[Result "1/2-1/2"]
[WhiteElo "2077"]
[BlackElo "2055"]
[PlyCount "25"]
[EventDate "2005.01.02"]

1. e4 c6 2. d4 d5 3. Nc3 dxe4 4. Nxe4 Bf5 5. Ng3 Bg6 6. h4 h6 7. Nf3 Nd7 8. h5
Bh7 9. Bd3 Bxd3 10. Qxd3 Qc7 11. Bd2 e6 12. O-O-O Ngf6 13. Ne4 1/2-1/2

[Event "XI Festival A"]
[Site "Verona ITA"]
[Date "2005.01.05"]
[Round "5"]
[White "Salvador, Roland"]
[Black "Skembris, Spyridon"]
[Result "1/2-1/2"]
[WhiteElo "2340"]
[BlackElo "2445"]
[PlyCount "97"]
[EventDate "2005.01.02"]

1. d4 Nf6 2. Nf3 e6 3. g3 b6 4. Bg2 Bb7 5. O-O c5 6. e3 Be7 7. c4 O-O 8. d5
exd5 9. Nh4 Ba6 10. Na3 Nc6 11. cxd5 Bxf1 12. Kxf1 Nxd5 13. Qxd5 Bxh4 14. gxh4
Qxh4 15. Bd2 Qxh2 16. Bc3 Rad8 17. Ke2 Ne7 18. Qg5 f6 19. Qg4 d5 20. Rg1 Rf7
21. Kf1 Qd6 22. Bh3 Qc6 23. Nc2 f5 24. Qh4 Re8 25. Qg5 Qa4 26. b3 Qb5+ 27. Ke1
Qd3 28. Bxg7 Qxc2 29. Bf6+ Ng6 30. Bxf5 Qc1+ 31. Ke2 Qxg1 32. Qxg1 Rxf6 33. Qg5
Ref8 34. Bxg6 hxg6 35. Qxd5+ R8f7 36. b4 Rf5 37. Qd8+ Kg7 38. a4 Rh5 39. Qd6
Rff5 40. Qd8 Rf6 41. Qe8 Rff5 42. Qd8 Rh8 43. Qe8 Rd5 44. Qe6 Rd7 45. Qe5+ Kh7
46. Kf3 Re7 47. Qg5 Re6 48. Qh4+ Kg7 49. Qg5 1/2-1/2

[Event "XI Festival A"]
[Site "Verona ITA"]
[Date "2005.01.05"]
[Round "5"]
[White "Santurbano, Maria Vincenza"]
[Black "Masullo, Andrea"]
[Result "1-0"]
[WhiteElo "1984"]
[BlackElo "2133"]
[PlyCount "59"]
[EventDate "2005.01.02"]

1. e4 c5 2. Nf3 d6 3. d4 cxd4 4. Nxd4 Nf6 5. Nc3 Nc6 6. Be3 Ng4 7. Bg5 h6 8.
Bh4 g5 9. Bg3 Bg7 10. Bb5 O-O 11. Nxc6 bxc6 12. Bxc6 Rb8 13. O-O Rxb2 14. Nd5
Ne5 15. Ba4 e6 16. Ne3 Rb4 17. c3 Rxe4 18. Bc2 f5 19. Bxe4 fxe4 20. Rb1 Ba6 21.
Re1 Nd3 22. Qa4 Nxe1 23. Qxa6 Nd3 24. Bxd6 Qc8 25. Qxa7 Rf7 26. Qa4 Qxc3 27.
Qxe4 Nf4 28. g3 Nh3+ 29. Kg2 Rxf2+ 30. Kxh3 1-0

[Event "XI Festival A"]
[Site "Verona ITA"]
[Date "2005.01.05"]
[Round "5"]
[White "Sbarra, Marco"]
[Black "Vocaturo, Daniele"]
[Result "0-1"]
[WhiteElo "2204"]
[BlackElo "2276"]
[PlyCount "98"]
[EventDate "2005.01.02"]

1. d4 Nf6 2. c4 g6 3. Nc3 Bg7 4. e4 d6 5. Nf3 O-O 6. Be2 e5 7. d5 a5 8. Bg5 h6
9. Bh4 Na6 10. Nd2 Bd7 11. O-O Qe8 12. b3 Nh7 13. f3 h5 14. a3 Bf6 15. Bf2 h4
16. Rb1 Qe7 17. b4 axb4 18. axb4 Bg5 19. Kh1 Kg7 20. c5 Bf4 21. c6 bxc6 22.
dxc6 Be6 23. Nd5 Bxd5 24. exd5 f5 25. Nc4 Qg5 26. b5 Nf6 27. bxa6 Nh5 28. Rb7
Ng3+ 29. Kg1 h3 30. Rxc7+ Kf6 31. Bxg3 Bxg3 32. hxg3 Qxg3 33. Rf2 h2+ 34. Kh1
Qxf2 35. Nxd6 Rad8 36. Nf7 Rxd5 37. Qc1 Rd2 38. Rd7 Rxd7 39. cxd7 Kxf7 40. d8=Q
Qg1+ 41. Qxg1 hxg1=Q+ 42. Kxg1 Rxd8 43. g3 Ke7 44. Kf2 Kd6 45. Ke3 Kc5 46. g4
Rd4 47. gxf5 gxf5 48. Bd3 f4+ 49. Kd2 Ra4 0-1

[Event "XI Festival A"]
[Site "Verona ITA"]
[Date "2005.01.05"]
[Round "5"]
[White "Scharrer, Patrick"]
[Black "Delizia, Costantino"]
[Result "1/2-1/2"]
[WhiteElo "2206"]
[BlackElo "2152"]
[PlyCount "44"]
[EventDate "2005.01.02"]

1. e4 e6 2. d4 d5 3. Nd2 c5 4. exd5 exd5 5. Bb5+ Nc6 6. Qe2+ Be7 7. dxc5 Nf6 8.
Nb3 O-O 9. Nf3 Re8 10. O-O Ne4 11. Qd3 Nxc5 12. Nxc5 Bxc5 13. c3 g6 14. Bg5 Qb6
15. Nd4 Bd7 16. Bxc6 bxc6 17. b4 Bf8 18. Rfe1 c5 19. bxc5 Qxc5 20. Rxe8 Rxe8
21. Be3 Qa5 22. Nb3 Qa3 1/2-1/2

[Event "XI Festival A"]
[Site "Verona ITA"]
[Date "2005.01.06"]
[Round "6"]
[White "Bertani, Gianfranco"]
[Black "Schiraldi, Mauro"]
[Result "1-0"]
[WhiteElo "2123"]
[BlackElo "2055"]
[PlyCount "53"]
[EventDate "2005.01.02"]

1. Nf3 Nf6 2. g3 g6 3. Bg2 Bg7 4. O-O O-O 5. d4 d5 6. c4 dxc4 7. Nc3 c6 8. Ne5
Nbd7 9. Nxc4 Nb6 10. Ne5 Be6 11. e4 Qc7 12. Re1 Bh3 13. Bh1 Rfd8 14. Bf4 Ng4
15. Nf3 e5 16. Bg5 Rd6 17. d5 cxd5 18. exd5 Qd7 19. Qb3 f5 20. Rad1 h6 21. Bc1
Rd8 22. Nb5 Rxd5 23. Nc3 Kh8 24. Nxd5 Nxd5 25. Nh4 e4 26. Nxg6+ Kh7 27. Nf4 1-0

[Event "XI Festival A"]
[Site "Verona ITA"]
[Date "2005.01.06"]
[Round "6"]
[White "Brunello, Sabino"]
[Black "Ortega, Lexy"]
[Result "1/2-1/2"]
[WhiteElo "2268"]
[BlackElo "2445"]
[PlyCount "47"]
[EventDate "2005.01.02"]

1. e4 c5 2. Nf3 e6 3. d4 cxd4 4. Nxd4 a6 5. Bd3 Nf6 6. c4 Nc6 7. Be3 Qc7 8. Nc3
Ne5 9. Rc1 Nfg4 10. Bg5 h6 11. Bh4 Nxd3+ 12. Qxd3 Ne5 13. Qe2 d6 14. O-O Qxc4
15. Ncb5 Qxe2 16. Nc7+ Kd7 17. Nxa8 Qxf1+ 18. Kxf1 Nc6 19. Nb6+ Kc7 20. Nxc8
Kxc8 21. Nxc6 bxc6 22. Rxc6+ Kb7 23. Rc2 g5 24. Bg3 1/2-1/2

[Event "XI Festival A"]
[Site "Verona ITA"]
[Date "2005.01.06"]
[Round "6"]
[White "Bruno, Fabio"]
[Black "Sbarra, Marco"]
[Result "1/2-1/2"]
[WhiteElo "2379"]
[BlackElo "2204"]
[PlyCount "80"]
[EventDate "2005.01.02"]

1. d4 d5 2. Nf3 e6 3. e3 Nf6 4. Nbd2 c5 5. c3 Nbd7 6. Bd3 b6 7. Ne5 Qc7 8. f4
Bb7 9. Qf3 Be7 10. O-O O-O 11. Rf2 Ne8 12. Qh3 Ndf6 13. Ndf3 Ne4 14. Bxe4 dxe4
15. Ng5 h6 16. Ngxf7 Rxf7 17. Qxe6 Bf6 18. c4 Bxe5 19. fxe5 Qd7 20. Qxf7+ Qxf7
21. Rxf7 Kxf7 22. b3 Nc7 23. Kf2 Ke6 24. Bb2 Rd8 25. a4 a5 26. Ke2 Na6 27. Bc3
Nb4 28. Rf1 Nd3 29. h3 Rd7 30. Ba1 Rf7 31. d5+ Ke7 32. Rxf7+ Kxf7 33. e6+ Ke7
34. Bxg7 h5 35. g4 hxg4 36. hxg4 Nb4 37. Be5 Nxd5 38. cxd5 Bxd5 39. Bc7 Bxb3
40. Bxb6 Bxa4 1/2-1/2

[Event "XI Festival A"]
[Site "Verona ITA"]
[Date "2005.01.06"]
[Round "6"]
[White "Buchicchio, Giampaolo"]
[Black "Luther, Thomas"]
[Result "1-0"]
[WhiteElo "2288"]
[BlackElo "2543"]
[PlyCount "45"]
[EventDate "2005.01.02"]

1. e4 c6 2. Nc3 d5 3. Nf3 dxe4 4. Nxe4 Nf6 5. Nxf6+ gxf6 6. Bc4 Rg8 7. O-O Bg4
8. d4 e6 9. Re1 Bd6 10. Qd3 Nd7 11. Qxh7 Ke7 12. Nh4 Qc7 13. Bxe6 Bxh2+ 14. Kh1
Ne5 15. Bxg4 Rxg4 16. Kxh2 Rxd4 17. Nf5+ Kd7 18. Nxd4 Rh8 19. Qxh8 Ng6+ 20. g3
Nxh8 21. Bf4 Qa5 22. Nf5 c5 23. Ne7 1-0

[Event "XI Festival A"]
[Site "Verona ITA"]
[Date "2005.01.06"]
[Round "6"]
[White "Capitelli, Paolo"]
[Black "Scharrer, Patrick"]
[Result "1-0"]
[WhiteElo "2161"]
[BlackElo "2206"]
[PlyCount "101"]
[EventDate "2005.01.02"]

1. e4 c5 2. Nf3 g6 3. d4 cxd4 4. Nxd4 Nf6 5. Nc3 Nc6 6. Be3 Bg7 7. Be2 O-O 8.
Qd2 d5 9. exd5 Nb4 10. Nb3 Nfxd5 11. Nxd5 Nxd5 12. Rd1 Be6 13. Bd4 Qc7 14. Bxg7
Kxg7 15. Nd4 Nf4 16. Nxe6+ Nxe6 17. O-O Rfd8 18. Bd3 Nf4 19. Qb4 Nxd3 20. cxd3
Rd6 21. Rc1 Qd7 22. Rfd1 Rd8 23. h3 Rb6 24. Qc3+ Kg8 25. b3 Rc6 26. Qe5 Rd6 27.
Qc5 b6 28. Qc7 e5 29. Re1 f6 30. Qc4+ Kg7 31. Re3 a5 32. Qa6 Rc6 33. Rc4 Rd6
34. Rc3 Rc6 35. Rc4 Rd6 36. Rc3 Qf7 37. Re1 R8d7 38. Rec1 Kh6 39. Rc6 Qe6 40.
Qxb6 Qd5 41. Rxd6 Rxd6 42. Qe3+ Kg7 43. Rc5 Qb7 44. Rxa5 Ra6 45. Rxa6 Qxa6 46.
a4 Qb7 47. a5 Qxb3 48. a6 Qb1+ 49. Kh2 Qb8 50. a7 Qb7 51. Qc5 1-0

[Event "XI Festival A"]
[Site "Verona ITA"]
[Date "2005.01.06"]
[Round "6"]
[White "Caruso, Augusto"]
[Black "Cocchi, Andrea"]
[Result "1-0"]
[WhiteElo "2214"]
[BlackElo "2290"]
[PlyCount "117"]
[EventDate "2005.01.02"]

1. Nc3 d5 2. d4 e6 3. e4 dxe4 4. Nxe4 Nd7 5. g3 Ngf6 6. Nxf6+ Nxf6 7. Bg2 Bd6
8. Nf3 O-O 9. O-O Qe7 10. c4 c5 11. Qe2 cxd4 12. Nxd4 a6 13. b3 e5 14. Nc2 Bg4
15. Bf3 Bxf3 16. Qxf3 e4 17. Qe2 Be5 18. Rb1 Rfe8 19. Bg5 h6 20. Bxf6 Bxf6 21.
Ne3 Be5 22. Nd5 Qg5 23. Rbd1 f5 24. f4 exf3 25. Qxf3 Rf8 26. Nb6 Rae8 27. Nd7
Rf7 28. Rd5 Rfe7 29. Qxf5 Qe3+ 30. Qf2 Bc7 31. Qxe3 Rxe3 32. Rf2 Rd8 33. Rfd2
Kh8 34. Kg2 Re7 35. Nc5 Rxd5 36. cxd5 Bd6 37. Ne6 Kg8 38. Kf3 Kf7 39. Rc2 Re8
40. Ke4 Kf6 41. Rf2+ Kg6 42. h4 h5 43. Rf5 Kh6 44. Rf3 Re7 45. Kd4 Re8 46. Ng5
Be5+ 47. Kc5 Kg6 48. d6 Bf6 49. d7 Re5+ 50. Kd6 Re2 51. Rd3 Be5+ 52. Kd5 Bf6
53. a4 Kf5 54. Rf3+ Kg4 55. Rxf6 Rd2+ 56. Ke6 gxf6 57. Ne4 Rxd7 58. Nxf6+ Kxg3
59. Kxd7 1-0

[Event "XI Festival A"]
[Site "Verona ITA"]
[Date "2005.01.06"]
[Round "6"]
[White "De Santis, Alessio"]
[Black "Santurbano, Maria Vincenza"]
[Result "1-0"]
[WhiteElo "2293"]
[BlackElo "1984"]
[PlyCount "55"]
[EventDate "2005.01.02"]

1. d4 Nf6 2. c4 c5 3. d5 d6 4. Nc3 g6 5. e4 Bg7 6. Be2 O-O 7. h4 h5 8. Bf4 Qa5
9. Bd2 Na6 10. Qc1 Kh7 11. Nf3 Ng4 12. Ng5+ Kg8 13. Bxg4 Bxg4 14. f3 Bd7 15. a3
Qd8 16. Qc2 Nc7 17. g4 hxg4 18. O-O-O b5 19. cxb5 Nxb5 20. Nxb5 Bxb5 21. h5 Be2
22. hxg6 Bxd1 23. gxf7+ Rxf7 24. Kxd1 Rb8 25. e5 Qb6 26. Qg6 Qb3+ 27. Ke1 Qxd5
28. Rh8+ 1-0